Panorama de Las Tecnologías para el Tratamiento de Desechos Infecciosos y Punzocortantes en Los Centros de Salud.

Bibliographic Details
Format: eBook
Language:Spanish
Published: Geneva : World Health Organization, 2020.
Edition:1st ed.
Subjects:
Online Access:Click to View
LEADER 02886nam a22003253i 4500
001 EBC31498720
003 MiAaPQ
005 20240729202206.0
006 m o d |
007 cr cnu||||||||
008 240729s2020 xx o ||||0 spa d
020 |a 9789240004801  |q (electronic bk.) 
035 |a (MiAaPQ)EBC31498720 
035 |a (Au-PeEL)EBL31498720 
040 |a MiAaPQ  |b eng  |e rda  |e pn  |c MiAaPQ  |d MiAaPQ 
245 1 0 |a Panorama de Las Tecnologías para el Tratamiento de Desechos Infecciosos y Punzocortantes en Los Centros de Salud. 
250 |a 1st ed. 
264 1 |a Geneva :  |b World Health Organization,  |c 2020. 
264 4 |c {copy}2020. 
300 |a 1 online resource (52 pages) 
336 |a text  |b txt  |2 rdacontent 
337 |a computer  |b c  |2 rdamedia 
338 |a online resource  |b cr  |2 rdacarrier 
505 0 |a Intro -- Abreviaciones -- Reconocimientos -- 1. Introducción -- Convenio de Estocolmo -- Resolución de la AMS sobre el Agua, saneamiento e higiene (WASH) en los establecimientos sanitarios -- 2. Consideraciones prioritarias -- 3. Selección de la tecnología para el tratamiento -- 4. Especificaciones y requisitos de la tecnología -- 4.1 Procesos térmicos de baja temperatura -- 4.2 Procesos a base de productos químicos (Automatizados) -- 4.3 Incineración -- 5. Tecnologías para uso en entornos de pocos recursos -- 5.1 Autoclaves de vapor automatizadas de desplazamiento por gravedad -- 5.2 Opciones para la combustión -- Anexo 1 -- Opciones tecnológicas -- Referencias e información adicional -- Abreviaciones -- Reconocimientos -- 1. Introducción -- Convenio de Estocolmo -- Resolución de la AMS sobre el Agua, saneamiento e higiene (WASH) en los establecimientos sanitarios -- 2. Consideraciones prioritarias -- 3. Selección de la tecnología para el tratamiento -- 4. Especificaciones y requisitos de la tecnología -- 4.1 Procesos térmicos de baja temperatura -- 4.2 Procesos a base de productos químicos (Automatizados) -- 4.3 Incineración -- 5. Tecnologías para uso en entornos de pocos recursos -- 5.1 Autoclaves de vapor automatizadas de desplazamiento por gravedad -- 5.2 Opciones para la combustión -- Anexo 1 -- Opciones tecnológicas -- Referencias e información adicional. 
588 |a Description based on publisher supplied metadata and other sources. 
590 |a Electronic reproduction. Ann Arbor, Michigan : ProQuest Ebook Central, 2024. Available via World Wide Web. Access may be limited to ProQuest Ebook Central affiliated libraries.  
655 4 |a Electronic books. 
776 0 8 |i Print version:  |t Panorama de Las Tecnologías para el Tratamiento de Desechos Infecciosos y Punzocortantes en Los Centros de Salud  |d Geneva : World Health Organization,c2020 
797 2 |a ProQuest (Firm) 
856 4 0 |u https://ebookcentral.proquest.com/lib/matrademy/detail.action?docID=31498720  |z Click to View